Tâm sự đàn ông

Guardado en:
Detalles Bibliográficos
Autor principal: Đỗ Quyên
Formato: Libro
Lenguaje:Undetermined
Publicado: Hà Nội Phụ Nữ 1999
Materias:
Etiquetas: Agregar Etiqueta
Sin Etiquetas, Sea el primero en etiquetar este registro!
Thư viện lưu trữ: Trung tâm Học liệu Trường Đại học Cần Thơ
LEADER 00503nam a2200193Ia 4500
001 CTU_35140
008 210402s9999 xx 000 0 und d
020 |b 17.000đ 
082 |a 158.1 
082 |b Qu527 
100 |a Đỗ Quyên 
245 0 |a Tâm sự đàn ông 
245 0 |c Đỗ Quyên 
260 |a Hà Nội 
260 |b Phụ Nữ 
260 |c 1999 
650 |a psychology, applied 
904 |i Minh, 000221 
980 |a Trung tâm Học liệu Trường Đại học Cần Thơ